| 000 | 00328nam a22001217a 4500 | ||
|---|---|---|---|
| 008 | 160429b xxu||||| |||| 00| 0 eng d | ||
| 020 | _a9780721603308 | ||
| 020 | _a0721603300` | ||
| 041 | _aeng | ||
| 080 | _a618.2 | ||
| 245 |
_aAdvanced practice nursing: _cAnn B. Homric; Judith A. Spross; Charlene M. Hanson; |
||
| 942 |
_2udc _cBK |
||
| 999 |
_c1692 _d1692 |
||